| 000 | 01075nam a22002297a 4500 | ||
|---|---|---|---|
| 999 |
_c33410 _d33410 |
||
| 003 | OSt | ||
| 005 | 20221212211736.0 | ||
| 008 | 140214b2022 slv spa | ||
| 040 | _cBMC | ||
| 082 | _a616.33 | ||
| 100 | 1 |
_aPimentel Vásquez, Marcela Carolina _946647 |
|
| 245 | 1 | 0 |
_aEl estrés y su relación con el desarrollo de síndrome de intestino irritable _b: investigación, informe final _cMarcela Carolina Pimentel Vásquez, Katherinne Valentina Ramírez González, Carmen Elena Somoza Vargas |
| 260 |
_aSanta Ana (El Salvador) _bUniversidad Católica de El Salvador _c2021 |
||
| 300 |
_a45 h. _c28 cm _e+ 1 disco compacto |
||
| 500 | _aPrecede al tít.: Universidad Católica de El Salvador, Facultad de Ciencias de la Salud | ||
| 502 | _aPara optar al grado académico de: Doctorado en Medicina | ||
| 650 | 2 | 4 |
_94238 _aGastroenterología |
| 700 | 1 |
_aRamírez González, Katherinne Valentina _946648 |
|
| 700 | 1 |
_aSomoza Vargas, Carmen Elena _946649 |
|
| 710 | 2 |
_933484 _aUniversidad Católica de El Salvador _bFacultad de Ciencias de la Salud |
|
| 942 |
_2ddc _cTG |
||